000 00367pab a2200145 454500
008 180718b1999 xxu||||| |||| 00| 0 eng d
100 _aVenkateswarlu, J.
245 _aPlanning and management of watershed projects
260 _c1999
300 _ap.439-51
362 _aJul-Sep
650 _aWatersheds
773 _aJournal of Rural Development
909 _a44145
999 _c44145
_d44145